Ako postupovať pri výbere odrôd plodín pestovaných systémom ekologického poľnohospodárstva

Bibliographic Details
Main Authors: Lacko-Bartošová, Magdaléna, 1953- (Author), Otepka, Pavol (Author)
Format: Article
Language:Slovak
PhysicalDescription:Obr., tab.
Subjects:

MARC

LEADER 00000nab a2200000 a 4500
001 vtls000778540
003 SK-MaSNL
005 20260302152457.0
008 180207c2001 xo 0 slo
015 |a SNBRB2002/01-00936 
035 |a CLN000130319 
040 |a SNKBUCL  |b slo  |c SNKBUCL  |e AACR2 
041 0 |a slo 
044 |a xo  |c SK 
080 |a 633:631.147:631.526  |2 UDC-MRF-SK2 
080 |a 631.147  |2 UDC-MRF-SK2 
100 1 |a Lacko-Bartošová, Magdaléna,  |d 1953-  |4 aut  |9 199016 
245 1 0 |a Ako postupovať pri výbere odrôd plodín pestovaných systémom ekologického poľnohospodárstva  |c Magdaléna Lacko-Bartošová, Pavol Otepka 
300 |b Obr., tab. 
650 0 7 |a plodiny poľné  |x pestovanie ekologické  |x odrody  |2 snkbucl  |9 845869 
650 0 7 |a poľnohospodárstvo ekologické  |x plodiny  |x odrody  |2 snkbucl  |9 845870 
655 7 |a články z novín a časopisov  |2 snkbucl  |9 267496 
700 1 |a Otepka, Pavol  |4 aut  |9 316853 
773 0 |t Roľnícke noviny  |g Č. 216 (8.11.2001) 
773 0 |t [Príl.] Agrárne ozveny  |g S. 7 
850 |a Slovenská národná knižnica v Martine 
852 |a SNK  |b KIS3GCP 
958 |a RBX 
999 |c 1362702  |d 1364632